Mind the hidden extras (Record no. 71325)
[ view plain ]
| 000 -LEADER | |
|---|---|
| fixed length control field | 01271cam a2200265 4500 |
| 001 - CONTROL NUMBER | |
| control field | ABS65902 |
| 008 - FIXED-LENGTH DATA ELEMENTS--GENERAL INFORMATION | |
| fixed length control field | 021008n2002 000 0 eng u |
| 035 ## - SYSTEM CONTROL NUMBER | |
| System control number | (Sirsi) u120035 |
| 100 ## - MAIN ENTRY--PERSONAL NAME | |
| Personal name | Blackler, T. |
| 245 ## - TITLE STATEMENT | |
| Title | Mind the hidden extras |
| 260 ## - PUBLICATION, DISTRIBUTION, ETC. | |
| Date of publication, distribution, etc. | 2002 |
| 490 ## - SERIES STATEMENT | |
| Series statement | Building |
| Volume/sequential designation | 267(8252) 27 September 2002, 63 (1) |
| 520 ## - SUMMARY, ETC. | |
| Summary, etc. | Considers two recent construction court cases, "Blyth and Blyth v Carillion" and "Henry Boot v Co-op Insurance Society" which will land many design-and-build firms with far-reaching, unforseen risks if they are working on projects using unamended versions of JCT 98 with contractor's designed portion supplement or JCT 98 with contractors design contracts. |
| 590 ## - LOCAL NOTE (RLIN) | |
| Local note | ABS |
| 650 ## - SUBJECT ADDED ENTRY--TOPICAL TERM | |
| Topical term or geographic name entry element | TECHNOLOGY AND CONSTRUCTION COURT |
| 650 ## - SUBJECT ADDED ENTRY--TOPICAL TERM | |
| Topical term or geographic name entry element | JCT STANDARD FORM OF BUILDING CONTRACT WITH CONTRACTORS DESIGN (1998 EDITION) |
| 650 ## - SUBJECT ADDED ENTRY--TOPICAL TERM | |
| Topical term or geographic name entry element | BLYTH AND BLYTH V CARILLION CONSTRUCTION LTD |
| 650 ## - SUBJECT ADDED ENTRY--TOPICAL TERM | |
| Topical term or geographic name entry element | CO-OPERATIVE INSURANCE SOCIETY LTD V HENRY BOOT SCOTLAND LTD AND OTHERS |
| 650 ## - SUBJECT ADDED ENTRY--TOPICAL TERM | |
| Topical term or geographic name entry element | JCT STANDARD FORM OF BUILDING CONTRACT (1980 EDITION) |
| 650 ## - SUBJECT ADDED ENTRY--TOPICAL TERM | |
| Topical term or geographic name entry element | JCT STANDARD FORM OF BUILDING CONTRACT (1998 EDITION) |
| 650 ## - SUBJECT ADDED ENTRY--TOPICAL TERM | |
| Topical term or geographic name entry element | NOVATION |
| 650 ## - SUBJECT ADDED ENTRY--TOPICAL TERM | |
| Topical term or geographic name entry element | JCT CDPS 1998 |
| 690 ## - LOCAL SUBJECT ADDED ENTRY--TOPICAL TERM (OCLC, RLIN) | |
| Topical term or geographic name as entry element | BUILT ENVIRONMENT-BUILDING CONTRACT FORMS |
| 942 ## - ADDED ENTRY ELEMENTS (KOHA) | |
| Suppress in OPAC | 0 |
| Withdrawn status | Lost status | Source of classification or shelving scheme | Damaged status | Not for loan | Home library | Current library | Shelving location | Date acquired | Total Checkouts | Full call number | Barcode | Date last seen | Copy number | Price effective from | Koha item type |
|---|---|---|---|---|---|---|---|---|---|---|---|---|---|---|---|
| Dewey Decimal Classification | London | London | Journal article | 08/10/2002 | ABS65902 | 120035-1001 | 06/08/2019 | 1 | 06/08/2019 | Journal article |